[Event "Landsturneringen 2017"]
[Site "Clarion Energy Hotel, Stavanger"]
[Date "2017.07.08"]
[Round "9"]
[White "Agdestein, Simen"]
[Black "Elsness, Frode"]
[Result "1/2-1/2"]
[WhiteElo "2604"]
[BlackElo "2466"]
[PlyCount "0"]

1. d4 {[%clk 1:30:54]} Nf6 {[%clk 1:26:53]} 2. Bf4 {[%clk 1:31:12]} d5
{[%clk 1:26:30]} 3. e3 {[%clk 1:31:22]} c5 {[%clk 1:26:35]} 4. Nc3
{[%clk 1:28:44]} cxd4 {[%clk 1:26:35]} 5. exd4 {[%clk 1:28:33]} a6
{[%clk 1:26:55]} 6. Nf3 {[%clk 1:15:20]} Nc6 {[%clk 1:22:51]} 7. Ne5
{[%clk 1:13:42]} e6 {[%clk 1:11:35]} 8. a3 {[%clk 1:10:33]} Bd6 {[%clk 1:04:16]}
9. Bg3 {[%clk 1:09:20]} Qc7 {[%clk 1:03:58]} 10. Nf3 {[%clk 0:52:43]} b5
{[%clk 1:01:41]} 11. Bd3 {[%clk 0:51:28]} Bd7 {[%clk 0:58:38]} 12. O-O
{[%clk 0:43:16]} Na5 {[%clk 0:55:41]} 13. Ne2 {[%clk 0:35:47]} O-O
{[%clk 0:45:57]} 14. c3 {[%clk 0:34:33]} Nc4 {[%clk 0:45:47]} 15. Qc2
{[%clk 0:33:50]} a5 {[%clk 0:41:57]} 16. b3 {[%clk 0:30:27]} Bxg3
{[%clk 0:40:17]} 17. hxg3 {[%clk 0:29:06]} Nd6 {[%clk 0:40:01]} 18. Ne5
{[%clk 0:28:10]} Rfc8 {[%clk 0:38:05]} 19. f3 {[%clk 0:23:09]} Be8
{[%clk 0:36:33]} 20. Qd2 {[%clk 0:19:43]} Nd7 {[%clk 0:35:06]} 21. Ng4
{[%clk 0:19:29]} f6 {[%clk 0:32:25]} 22. Rac1 {[%clk 0:16:54]} Bf7
{[%clk 0:31:26]} 23. Kh2 {[%clk 0:14:48]} a4 {[%clk 0:28:24]} 24. b4
{[%clk 0:14:59]} Nc4 {[%clk 0:24:02]} 25. Bxc4 {[%clk 0:14:26]} Qxc4
{[%clk 0:24:29]} 26. Nf4 {[%clk 0:13:16]} Nb6 {[%clk 0:12:25]} 27. Nd3
{[%clk 0:12:24]} Qc6 {[%clk 0:12:48]} 28. Ne3 {[%clk 0:11:56]} Re8
{[%clk 0:12:52]} 29. Rce1 {[%clk 0:09:58]} Rac8 {[%clk 0:12:21]} 30. Nc5
{[%clk 0:09:56]} Bg6 {[%clk 0:12:28]} 31. Qf2 {[%clk 0:08:26]} Re7
{[%clk 0:12:15]} 32. f4 {[%clk 0:04:59]} Be4 {[%clk 0:11:36]} 33. g4
{[%clk 0:04:53]} Rf8 {[%clk 0:05:31]} 34. Kg1 {[%clk 0:03:22]} Qe8
{[%clk 0:04:26]} 35. Qh4 {[%clk 0:02:46]} h6 {[%clk 0:02:59]} 36. f5
{[%clk 0:01:09]} exf5 {[%clk 0:02:00]} 37. Nxf5 {[%clk 0:00:57]} Bxf5
{[%clk 0:01:17]} 38. gxf5 {[%clk 0:01:13]} Rff7 {[%clk 0:00:48]} 39. Re6
{[%clk 0:01:04]} Nd7 {[%clk 0:00:31]} 40. Nxd7 {[%clk 0:00:33]} Qxd7
{[%clk 0:00:43]} 41. Rfe1 {[%clk 0:28:30]} Qc7 {[%clk 0:27:12]} 42. Qh5
{[%clk 0:23:35]} Qb7 {[%clk 0:22:16]} 43. Qh2 {[%clk 0:14:10]} Qc7
{[%clk 0:13:20]} 44. Qxc7 {[%clk 0:10:04]} Rxc7 {[%clk 0:13:48]} 45. Rb6
{[%clk 0:06:58]} Rb7 {[%clk 0:13:35]} 46. Re8+ {[%clk 0:06:51]} Kh7
{[%clk 0:14:01]} 47. Rxb7 {[%clk 0:05:59]} Rxb7 {[%clk 0:14:30]} 48. Rc8
{[%clk 0:06:00]} h5 {[%clk 0:14:30]} 49. Rc5 {[%clk 0:06:14]} Kh6
{[%clk 0:14:38]} 50. Rxd5 {[%clk 0:06:38]} Kg5 {[%clk 0:15:01]} 51. Rc5
{[%clk 0:05:24]} Kf4 {[%clk 0:15:12]} 52. Kf2 {[%clk 0:04:11]} h4
{[%clk 0:15:17]} 53. c4 {[%clk 0:02:35]} bxc4 {[%clk 0:15:04]} 54. Rxc4
{[%clk 0:03:03]} Kxf5 {[%clk 0:14:01]} 55. Kf3 {[%clk 0:03:29]} Rb5
{[%clk 0:08:13]} 56. Rc7 {[%clk 0:00:32]} g5 {[%clk 0:08:34]} 57. Ra7
{[%clk 0:01:01]} Rb8 {[%clk 0:07:46]} 58. Ra5+ {[%clk 0:01:17]} Kg6
{[%clk 0:07:44]} 59. Rxa4 {[%clk 0:01:45]} Rc8 {[%clk 0:08:05]} 60. b5
{[%clk 0:01:35]} Rc3+ {[%clk 0:07:23]} 61. Ke4 {[%clk 0:01:24]} g4
{[%clk 0:05:11]} 62. b6 {[%clk 0:00:57]} h3 {[%clk 0:04:16]} 63. gxh3
{[%clk 0:01:00]} gxh3 {[%clk 0:04:29]} 64. Ra8 {[%clk 0:00:37]} h2
{[%clk 0:04:05]} 65. Rh8 {[%clk 0:01:02]} Rxa3 {[%clk 0:03:02]} 66. Rxh2
{[%clk 0:01:02]} Rb3 {[%clk 0:03:31]} 67. Kd5 {[%clk 0:01:23]} Rxb6
{[%clk 0:03:56]} 68. Kc5 {[%clk 0:01:50]} Rb1 {[%clk 0:03:49]} 69. d5
{[%clk 0:02:07]} f5 {[%clk 0:02:54]} 70. d6 {[%clk 0:02:15]} Rd1 {[%clk 0:02:52]}
71. Kc6 {[%clk 0:02:13]} f4 {[%clk 0:01:09]} 72. d7 {[%clk 0:02:19]} Kg5
{[%clk 0:00:43]} 73. Rh8 {[%clk 0:02:23]} f3 {[%clk 0:01:06]} 74. d8=Q+
{[%clk 0:02:44]} Rxd8 {[%clk 0:01:30]} 75. Rxd8 {[%clk 0:03:10]} Kf4
{[%clk 0:00:45]} 76. Kd5 {[%clk 0:03:16]} Ke3 {[%clk 0:01:06]} 77. Re8+
{[%clk 0:02:55]} Kd3 {[%clk 0:01:31]} 78. Rf8 {[%clk 0:03:12]} Ke2
{[%clk 0:01:09]} 79. Rxf3 {[%clk 0:02:43]} Kxf3
1/2-1/2

[Event "Landsturneringen 2017"]
[Site "Clarion Energy Hotel, Stavanger"]
[Date "2017.07.08"]
[Round "9"]
[White "Tari, Aryan"]
[Black "Lie, Espen"]
[Result "1/2-1/2"]
[WhiteElo "2593"]
[BlackElo "2462"]
[PlyCount "0"]

1. c4 {[%clk 1:29:23]} e6 {[%clk 1:30:46]} 2. Nc3 {[%clk 1:28:59]} d5
{[%clk 1:31:09]} 3. d4 {[%clk 1:29:19]} c5 {[%clk 1:31:32]} 4. cxd5
{[%clk 1:28:34]} exd5 {[%clk 1:31:52]} 5. Nf3 {[%clk 1:28:36]} Nc6
{[%clk 1:32:14]} 6. g3 {[%clk 1:24:42]} Nf6 {[%clk 1:32:25]} 7. Bg2
{[%clk 1:25:02]} Be7 {[%clk 1:32:44]} 8. O-O {[%clk 1:25:11]} O-O
{[%clk 1:33:04]} 9. b3 {[%clk 1:23:29]} Bg4 {[%clk 1:28:00]} 10. dxc5
{[%clk 1:21:01]} Bxc5 {[%clk 1:26:28]} 11. Bb2 {[%clk 1:18:07]} Re8
{[%clk 1:21:04]} 12. Na4 {[%clk 1:07:44]} Bf8 {[%clk 1:14:42]} 13. Rc1
{[%clk 1:03:59]} Rc8 {[%clk 1:11:39]} 14. a3 {[%clk 0:56:38]} Ne4
{[%clk 1:02:02]} 15. Qd3 {[%clk 0:53:17]} Qd7 {[%clk 0:52:02]} 16. Rfd1
{[%clk 0:51:27]} Rcd8 {[%clk 0:51:45]} 17. Qb5 {[%clk 0:41:40]} Nd6
{[%clk 0:39:14]} 18. Qd3 {[%clk 0:38:41]} Ne4 {[%clk 0:38:03]} 19. Re1
{[%clk 0:37:48]} Be6 {[%clk 0:26:26]} 20. Rcd1 {[%clk 0:33:50]} b6
{[%clk 0:26:12]} 21. Qb1 {[%clk 0:30:21]} Na5 {[%clk 0:22:46]} 22. Nc3
{[%clk 0:28:12]} Qe7 {[%clk 0:20:17]} 23. Nxe4 {[%clk 0:17:02]} dxe4
{[%clk 0:20:42]} 24. Nd4 {[%clk 0:17:26]} Bxb3 {[%clk 0:11:07]} 25. Nxb3
{[%clk 0:17:13]} Nxb3 {[%clk 0:11:36]} 26. Bxe4 {[%clk 0:16:59]} h6
{[%clk 0:09:36]} 27. Bd5 {[%clk 0:13:31]} Nc5 {[%clk 0:09:27]} 28. Qf5
{[%clk 0:13:14]} Ne6 {[%clk 0:07:43]} 29. Qf3 {[%clk 0:12:41]} Ng5
{[%clk 0:07:31]} 30. Qg4 {[%clk 0:07:12]} Qc5 {[%clk 0:05:42]} 31. Qf5
{[%clk 0:06:39]} Rd6 {[%clk 0:04:22]} 32. e4 {[%clk 0:03:50]} g6 {[%clk 0:04:06]}
33. Qg4 {[%clk 0:04:15]} Qc8 {[%clk 0:03:10]} 34. Qxc8 {[%clk 0:02:51]} Rxc8
{[%clk 0:03:39]} 35. Rc1 {[%clk 0:02:50]} Nf3+ {[%clk 0:02:20]} 36. Kf1
{[%clk 0:02:17]} Re8 {[%clk 0:02:33]} 37. Red1 {[%clk 0:01:48]} Rd7
{[%clk 0:01:45]} 38. Kg2 {[%clk 0:01:22]} Ng5 {[%clk 0:02:04]} 39. Rc6
{[%clk 0:01:23]} Ne6 {[%clk 0:01:07]} 40. Rdc1 {[%clk 0:00:34]} Bg7
{[%clk 0:00:44]} 41. Bxg7 {[%clk 0:23:24]} Kxg7 {[%clk 0:30:18]} 42. a4
{[%clk 0:21:06]} Nc5 {[%clk 0:26:41]} 43. R6xc5 {[%clk 0:14:52]} bxc5
{[%clk 0:26:57]} 44. Bc6 {[%clk 0:15:21]} Red8 {[%clk 0:26:04]} 45. Bxd7
{[%clk 0:15:48]} Rxd7 {[%clk 0:26:27]} 46. Rxc5 {[%clk 0:15:26]} Rd4
{[%clk 0:26:49]} 47. Ra5 {[%clk 0:15:29]} Rxe4 {[%clk 0:27:12]} 48. Rxa7
{[%clk 0:15:58]} Rb4 {[%clk 0:27:27]} 49. a5 {[%clk 0:15:17]} Ra4
{[%clk 0:27:43]} 50. h4 {[%clk 0:11:48]} h5 {[%clk 0:28:04]} 51. Kf3
{[%clk 0:11:20]} Kf6 {[%clk 0:27:28]} 52. Ke3 {[%clk 0:08:50]} Ra2
{[%clk 0:27:21]} 53. a6 {[%clk 0:08:57]} Ke6 {[%clk 0:22:51]} 54. Ra8
{[%clk 0:02:33]} Kf6 {[%clk 0:22:14]} 55. f3 {[%clk 0:02:31]} Ra3+
{[%clk 0:22:20]} 56. Ke4 {[%clk 0:03:00]} Kg7 {[%clk 0:20:07]} 57. Kd5
{[%clk 0:02:44]} Rxf3 {[%clk 0:17:30]} 58. Rc8 {[%clk 0:01:24]} Ra3
{[%clk 0:16:57]} 59. Rc6 {[%clk 0:01:37]} Rxg3 {[%clk 0:16:04]} 60. Kc5
{[%clk 0:02:02]} Ra3 {[%clk 0:15:53]} 61. Kb6 {[%clk 0:02:29]} g5
{[%clk 0:11:53]} 62. hxg5 {[%clk 0:02:49]} h4 {[%clk 0:12:01]} 63. a7
{[%clk 0:02:17]} h3 {[%clk 0:11:15]} 64. Rh6 {[%clk 0:02:43]} Rb3+
{[%clk 0:10:42]} 65. Kc7 {[%clk 0:01:14]} Ra3 {[%clk 0:10:06]} 66. Kb7
{[%clk 0:00:53]} Rb3+ {[%clk 0:10:26]} 67. Ka6 {[%clk 0:00:40]} Ra3+
{[%clk 0:10:46]} 68. Kb6 {[%clk 0:00:53]} Rb3+ {[%clk 0:11:08]} 69. Kc7
{[%clk 0:00:32]} Ra3 {[%clk 0:11:30]} 70. Kb8 {[%clk 0:00:45]} Rb3+
{[%clk 0:11:52]} 71. Kc7 {[%clk 0:00:50]} Ra3 {[%clk 0:12:15]}
1/2-1/2

[Event "Landsturneringen 2017"]
[Site "Clarion Energy Hotel, Stavanger"]
[Date "2017.07.08"]
[Round "9"]
[White "Arvola, Benjamin"]
[Black "Urkedal, Frode Olav Olsen"]
[Result "0-1"]
[WhiteElo "2435"]
[BlackElo "2541"]
[PlyCount "0"]

1. e4 {[%clk 1:30:58]} e5 {[%clk 1:30:46]} 2. Nf3 {[%clk 1:31:21]} Nc6
{[%clk 1:30:51]} 3. Bb5 {[%clk 1:31:40]} a6 {[%clk 1:31:08]} 4. Ba4
{[%clk 1:32:05]} Nf6 {[%clk 1:31:30]} 5. O-O {[%clk 1:32:29]} Be7
{[%clk 1:31:45]} 6. Re1 {[%clk 1:32:54]} b5 {[%clk 1:32:08]} 7. Bb3
{[%clk 1:33:20]} O-O {[%clk 1:32:30]} 8. d4 {[%clk 1:33:44]} d6 {[%clk 1:32:26]}
9. c3 {[%clk 1:34:09]} Bg4 {[%clk 1:32:29]} 10. d5 {[%clk 1:34:34]} Na5
{[%clk 1:32:26]} 11. Bc2 {[%clk 1:34:57]} Qc8 {[%clk 1:31:12]} 12. Nbd2
{[%clk 1:33:25]} c6 {[%clk 1:31:16]} 13. b4 {[%clk 1:33:47]} Nb7 {[%clk 1:29:38]}
14. h3 {[%clk 1:29:14]} Bd7 {[%clk 1:22:31]} 15. dxc6 {[%clk 1:28:49]} Qxc6
{[%clk 1:19:52]} 16. Bb2 {[%clk 1:28:44]} Nd8 {[%clk 1:19:55]} 17. Bd3
{[%clk 1:07:55]} Ne6 {[%clk 1:16:44]} 18. Bf1 {[%clk 1:06:58]} Nf4
{[%clk 1:08:50]} 19. Rc1 {[%clk 1:00:43]} a5 {[%clk 1:02:19]} 20. a4
{[%clk 0:36:56]} bxa4 {[%clk 0:59:45]} 21. b5 {[%clk 0:36:29]} Qb7
{[%clk 0:57:43]} 22. Qxa4 {[%clk 0:34:59]} Rfb8 {[%clk 0:37:16]} 23. c4
{[%clk 0:32:51]} Be8 {[%clk 0:37:39]} 24. Ba3 {[%clk 0:28:51]} Ne6
{[%clk 0:33:30]} 25. g3 {[%clk 0:18:13]} Nd7 {[%clk 0:30:54]} 26. Nb1
{[%clk 0:16:53]} Ndc5 {[%clk 0:29:21]} 27. Qd1 {[%clk 0:15:28]} f6
{[%clk 0:21:52]} 28. Nh4 {[%clk 0:15:44]} g6 {[%clk 0:20:12]} 29. Nc3
{[%clk 0:14:36]} Bf7 {[%clk 0:17:58]} 30. Nf3 {[%clk 0:12:23]} a4
{[%clk 0:17:25]} 31. Nd5 {[%clk 0:11:58]} Kg7 {[%clk 0:16:43]} 32. h4
{[%clk 0:08:56]} h5 {[%clk 0:14:28]} 33. Rb1 {[%clk 0:06:42]} Rd8
{[%clk 0:13:28]} 34. Bh3 {[%clk 0:05:51]} Nb3 {[%clk 0:13:18]} 35. Nb4
{[%clk 0:04:07]} Ned4 {[%clk 0:13:22]} 36. Nxd4 {[%clk 0:04:22]} Nxd4
{[%clk 0:13:45]} 37. Bb2 {[%clk 0:03:34]} Bxc4 {[%clk 0:11:30]} 38. Bxd4
{[%clk 0:04:00]} exd4 {[%clk 0:11:55]} 39. Nc6 {[%clk 0:03:17]} Re8
{[%clk 0:10:42]} 40. Nxd4 {[%clk 0:01:03]} a3 {[%clk 0:03:44]} 41. Qc2
{[%clk 0:22:21]} Bf7 {[%clk 0:31:35]} 42. Be6 {[%clk 0:21:24]} Bd8
{[%clk 0:31:14]} 43. Bxf7 {[%clk 0:08:28]} Qxf7 {[%clk 0:31:27]} 44. Nc6
{[%clk 0:08:40]} Bb6 {[%clk 0:31:01]} 45. Ra1 {[%clk 0:06:33]} d5
{[%clk 0:27:50]} 46. Qb3 {[%clk 0:03:31]} Rxe4 {[%clk 0:26:29]} 47. Rf1
{[%clk 0:02:52]} Qc7 {[%clk 0:22:56]} 48. Kg2 {[%clk 0:02:28]} Qd6
{[%clk 0:23:04]} 49. Ra2 {[%clk 0:02:33]} Bc5 {[%clk 0:22:24]} 50. Rc1
{[%clk 0:02:06]} Rae8 {[%clk 0:22:14]} 51. Qd3 {[%clk 0:01:29]} Re3
{[%clk 0:17:28]} 52. fxe3 {[%clk 0:01:09]} Rxe3 {[%clk 0:17:52]} 53. Qd2
{[%clk 0:00:33]} Rxg3+ {[%clk 0:15:16]} 54. Kf1 {[%clk 0:00:36]} Rg1+
{[%clk 0:15:37]} 55. Ke2 {[%clk 0:01:03]} Rg2+ {[%clk 0:15:58]} 56. Kd1
{[%clk 0:01:07]} Rxd2+ {[%clk 0:16:13]} 57. Rxd2 {[%clk 0:01:30]} Be3
{[%clk 0:16:17]} 58. b6 {[%clk 0:01:38]} Bxd2 {[%clk 0:16:09]} 59. Kxd2
{[%clk 0:02:04]} Qf4+ {[%clk 0:16:34]} 60. Kd1 {[%clk 0:02:24]} Qf1+
{[%clk 0:16:48]} 61. Kd2 {[%clk 0:02:46]} Qf2+ {[%clk 0:16:58]}
0-1

[Event "Landsturneringen 2017"]
[Site "Clarion Energy Hotel, Stavanger"]
[Date "2017.07.08"]
[Round "9"]
[White "Holm, Kristian Stuvik"]
[Black "Christiansen, Johan-Sebastian"]
[Result "1/2-1/2"]
[WhiteElo "2403"]
[BlackElo "2458"]
[PlyCount "0"]

1. e4 {[%clk 1:28:33]} c5 {[%clk 1:16:26]} 2. Nf3 {[%clk 1:28:32]} d6
{[%clk 1:16:38]} 3. d4 {[%clk 1:28:19]} cxd4 {[%clk 1:16:56]} 4. Nxd4
{[%clk 1:28:38]} Nf6 {[%clk 1:17:18]} 5. Nc3 {[%clk 1:29:02]} a6 {[%clk 1:15:23]}
6. Bg5 {[%clk 1:29:17]} e6 {[%clk 1:12:58]} 7. f4 {[%clk 1:29:08]} Qb6
{[%clk 1:10:40]} 8. Qd2 {[%clk 1:28:30]} Qxb2 {[%clk 1:10:35]} 9. Rb1
{[%clk 1:28:53]} Qa3 {[%clk 1:11:01]} 10. f5 {[%clk 1:28:39]} Be7
{[%clk 1:04:50]} 11. fxe6 {[%clk 1:13:40]} Bxe6 {[%clk 1:02:43]} 12. Nxe6
{[%clk 1:06:46]} fxe6 {[%clk 1:03:05]} 13. Bc4 {[%clk 1:07:10]} Nbd7
{[%clk 0:55:34]} 14. Bxe6 {[%clk 1:04:53]} Nc5 {[%clk 0:54:40]} 15. Bf5
{[%clk 0:58:46]} g6 {[%clk 0:49:20]} 16. O-O {[%clk 0:57:19]} gxf5
{[%clk 0:43:33]} 17. Rxf5 {[%clk 0:57:41]} Rf8 {[%clk 0:38:06]} 18. Bxf6
{[%clk 0:56:47]} Bxf6 {[%clk 0:36:50]} 19. Nd5 {[%clk 0:55:33]} O-O-O
{[%clk 0:33:33]} 20. Rxf6 {[%clk 0:52:28]} Nxe4 {[%clk 0:30:54]} 21. Ne7+
{[%clk 0:51:41]} Kb8 {[%clk 0:29:52]} 22. Qd5 {[%clk 0:50:28]} Qe3+
{[%clk 0:27:54]} 23. Kh1 {[%clk 0:50:41]} Nf2+ {[%clk 0:27:48]} 24. Rxf2
{[%clk 0:51:04]} Qxe7 {[%clk 0:28:10]} 25. Rxf8 {[%clk 0:50:47]} Rxf8
{[%clk 0:28:29]} 26. Rxb7+ {[%clk 0:49:58]} Qxb7 {[%clk 0:28:40]} 27. Qxd6+
{[%clk 0:50:21]} Ka7 {[%clk 0:28:39]} 28. Qc5+ {[%clk 0:50:46]} Qb6
{[%clk 0:28:57]} 29. Qe7+ {[%clk 0:51:06]} Qb7 {[%clk 0:29:20]} 30. Qc5+
{[%clk 0:51:26]} Qb6 {[%clk 0:29:45]} 31. Qe7+ {[%clk 0:51:45]} Qb7
{[%clk 0:30:10]} 32. Qc5+
1/2-1/2

[Event "Landsturneringen 2017"]
[Site "Clarion Energy Hotel, Stavanger"]
[Date "2017.07.08"]
[Round "9"]
[White "Gandrud, Vegar Koi"]
[Black "Kaasen, Tor Fredrik"]
[Result "1-0"]
[WhiteElo "2330"]
[BlackElo "2402"]
[PlyCount "0"]

1. d4 {[%clk 1:30:57]} Nf6 {[%clk 1:28:38]} 2. c4 {[%clk 1:31:25]} e6
{[%clk 1:28:19]} 3. Nf3 {[%clk 1:31:49]} b6 {[%clk 1:28:41]} 4. g3
{[%clk 1:32:09]} Bb7 {[%clk 1:27:43]} 5. Bg2 {[%clk 1:32:33]} Be7
{[%clk 1:27:52]} 6. O-O {[%clk 1:32:51]} O-O {[%clk 1:28:15]} 7. Nc3
{[%clk 1:33:05]} Ne4 {[%clk 1:28:24]} 8. Bd2 {[%clk 1:33:14]} Nxd2
{[%clk 1:27:28]} 9. Qxd2 {[%clk 1:33:11]} d6 {[%clk 1:27:44]} 10. e4
{[%clk 1:18:11]} Nd7 {[%clk 1:22:52]} 11. h4 {[%clk 1:16:18]} e5 {[%clk 1:21:14]}
12. d5 {[%clk 1:14:50]} a5 {[%clk 1:17:43]} 13. Nh2 {[%clk 1:14:33]} Nc5
{[%clk 1:14:58]} 14. Bh3 {[%clk 1:04:55]} Bc8 {[%clk 1:12:07]} 15. Bxc8
{[%clk 0:56:40]} Qxc8 {[%clk 1:12:09]} 16. Qe2 {[%clk 0:56:26]} f5
{[%clk 1:08:41]} 17. exf5 {[%clk 0:56:25]} Qxf5 {[%clk 1:09:05]} 18. Rae1
{[%clk 0:55:37]} Qg6 {[%clk 1:01:26]} 19. Qg4 {[%clk 0:48:43]} Qxg4
{[%clk 0:59:48]} 20. Nxg4 {[%clk 0:49:11]} Rf3 {[%clk 1:00:04]} 21. Re3
{[%clk 0:48:24]} Raf8 {[%clk 0:59:48]} 22. Kg2 {[%clk 0:48:20]} Rxe3
{[%clk 0:59:42]} 23. fxe3 {[%clk 0:46:44]} Ra8 {[%clk 0:55:02]} 24. Nf2
{[%clk 0:45:36]} g5 {[%clk 0:51:58]} 25. h5 {[%clk 0:45:08]} Kg7 {[%clk 0:47:07]}
26. g4 {[%clk 0:44:19]} a4 {[%clk 0:45:16]} 27. Nce4 {[%clk 0:43:19]} Rb8
{[%clk 0:44:08]} 28. Nxc5 {[%clk 0:39:35]} bxc5 {[%clk 0:42:24]} 29. Rb1
{[%clk 0:39:56]} Kf7 {[%clk 0:41:33]} 30. Ne4 {[%clk 0:39:55]} Rb4
{[%clk 0:37:38]} 31. b3 {[%clk 0:40:15]} Ke8 {[%clk 0:36:05]} 32. Kf3
{[%clk 0:38:23]} Kd7 {[%clk 0:35:52]} 33. Nc3 {[%clk 0:38:01]} axb3
{[%clk 0:36:18]} 34. axb3 {[%clk 0:38:26]} Rb8 {[%clk 0:36:32]} 35. Ke4
{[%clk 0:36:55]} Rf8 {[%clk 0:35:56]} 36. Nb5 {[%clk 0:31:26]} Rf2
{[%clk 0:34:33]} 37. Na7 {[%clk 0:31:02]} Rg2 {[%clk 0:33:38]} 38. Kf3
{[%clk 0:31:16]} Rh2 {[%clk 0:33:57]} 39. Nc6 {[%clk 0:28:54]} Rh3+
{[%clk 0:32:46]} 40. Kf2 {[%clk 0:26:20]} e4 {[%clk 0:31:27]} 41. Rf1
{[%clk 0:26:03]} Ke8 {[%clk 0:29:43]} 42. Ra1 {[%clk 0:25:03]} Rh2+
{[%clk 0:21:03]} 43. Kg1 {[%clk 0:25:02]} Re2 {[%clk 0:19:32]} 44. Ra8+
{[%clk 0:25:25]} Kf7 {[%clk 0:20:00]} 45. Rc8 {[%clk 0:23:25]} Bf6
{[%clk 0:17:04]} 46. Rxc7+ {[%clk 0:23:47]} Kg8 {[%clk 0:17:27]} 47. Rd7
{[%clk 0:11:19]} Rxe3 {[%clk 0:16:54]} 48. Rxd6 {[%clk 0:11:40]} Bd4
{[%clk 0:17:05]} 49. Re6 {[%clk 0:10:49]} Kf7 {[%clk 0:05:57]} 50. Re7+
{[%clk 0:06:36]} Kf8 {[%clk 0:23:45]} 51. d6 {[%clk 0:35:15]} Rd3+
{[%clk 0:18:30]} 52. Nxd4 {[%clk 0:34:34]} Rxd4 {[%clk 0:18:56]} 53. Rxh7
{[%clk 0:34:52]} Rxd6 {[%clk 0:18:01]} 54. Rc7 {[%clk 0:35:10]} Rd3
{[%clk 0:15:58]} 55. Rxc5 {[%clk 0:35:30]} Rg3+ {[%clk 0:16:21]} 56. Kf2
{[%clk 0:35:30]} Rxg4 {[%clk 0:14:26]} 57. Ke3 {[%clk 0:35:40]} Ke7
{[%clk 0:14:00]} 58. b4 {[%clk 0:35:26]} Kd6 {[%clk 0:13:36]} 59. h6
{[%clk 0:33:13]} Rh4 {[%clk 0:12:10]} 60. Rxg5 {[%clk 0:33:37]} Rxh6
{[%clk 0:12:35]} 61. Kxe4 {[%clk 0:30:55]} Rh4+ {[%clk 0:12:56]} 62. Kd3
{[%clk 0:31:18]} Rh3+ {[%clk 0:13:21]} 63. Kc2 {[%clk 0:31:26]} Kc6
{[%clk 0:13:45]} 64. Rc5+ {[%clk 0:31:00]} Kb6 {[%clk 0:13:15]} 65. Rd5
{[%clk 0:31:27]} Kc6 {[%clk 0:13:25]} 66. Rd3 {[%clk 0:31:05]} Rh1
{[%clk 0:13:39]} 67. Kc3 {[%clk 0:29:53]} Rg1 {[%clk 0:13:39]} 68. b5+
{[%clk 0:29:52]} Kc7 {[%clk 0:13:19]} 69. Kb4 {[%clk 0:30:01]} Rg5
{[%clk 0:13:40]} 70. Rd4 {[%clk 0:29:46]} Rg1 {[%clk 0:13:55]} 71. Kc5
{[%clk 0:29:30]} Rg6 {[%clk 0:14:13]} 72. b6+ {[%clk 0:28:51]} Kb7
{[%clk 0:14:17]} 73. Rd7+ {[%clk 0:29:13]} Kc8 {[%clk 0:14:36]} 74. Rc7+
{[%clk 0:29:20]} Kb8 75. Kb5 {[%clk 0:29:39]} Rg1 {[%clk 0:14:49]} 76. c5
{[%clk 0:29:50]} Rb1+ {[%clk 0:15:09]} 77. Kc6 {[%clk 0:30:14]} Rg1
{[%clk 0:15:27]} 78. Rh7 {[%clk 0:30:32]} Rg6+ {[%clk 0:15:53]} 79. Kb5
{[%clk 0:30:51]} Rg1 {[%clk 0:16:21]} 80. Rh8+ {[%clk 0:31:10]}
1-0

[Event "Landsturneringen 2017"]
[Site "Clarion Energy Hotel, Stavanger"]
[Date "2017.07.08"]
[Round "9"]
[White "Grønn, Atle"]
[Black "Haldorsen, Benjamin"]
[Result "1-0"]
[WhiteElo "2331"]
[BlackElo "2356"]
[PlyCount "0"]

1. Nf3 {[%clk 1:30:58]} d5 {[%clk 1:21:36]} 2. d4 {[%clk 1:31:17]} Nf6
{[%clk 1:21:42]} 3. c4 {[%clk 1:31:41]} dxc4 {[%clk 1:22:07]} 4. e3
{[%clk 1:31:59]} a6 {[%clk 1:21:36]} 5. Bxc4 {[%clk 1:32:04]} e6 {[%clk 1:21:57]}
6. O-O {[%clk 1:32:20]} c5 {[%clk 1:22:19]} 7. dxc5 {[%clk 1:32:40]} Bxc5
{[%clk 1:22:44]} 8. Qxd8+ {[%clk 1:32:27]} Kxd8 {[%clk 1:23:13]} 9. Ne5
{[%clk 1:31:21]} Ke7 {[%clk 1:21:55]} 10. Be2 {[%clk 1:31:34]} Nbd7
{[%clk 1:15:14]} 11. Nd3 {[%clk 1:31:43]} Bd6 {[%clk 1:15:01]} 12. Nd2
{[%clk 1:27:10]} Rd8 {[%clk 0:56:27]} 13. Nc4 {[%clk 1:26:13]} Bc7
{[%clk 0:56:38]} 14. b3 {[%clk 1:26:04]} Ke8 {[%clk 0:56:31]} 15. Ba3
{[%clk 1:16:44]} Nb6 {[%clk 0:54:52]} 16. Nxb6 {[%clk 1:08:18]} Bxb6
{[%clk 0:55:09]} 17. Rfd1 {[%clk 1:08:30]} Ne4 {[%clk 0:52:00]} 18. Rac1
{[%clk 1:07:26]} Bd7 {[%clk 0:48:08]} 19. Bf3 {[%clk 0:59:41]} Bc6
{[%clk 0:45:26]} 20. Rxc6 {[%clk 0:59:14]} bxc6 {[%clk 0:45:25]} 21. Bxe4
{[%clk 0:59:38]} Rac8 {[%clk 0:45:46]} 22. g4 {[%clk 0:57:39]} c5
{[%clk 0:45:45]} 23. Rc1 {[%clk 0:57:14]} g6 {[%clk 0:45:59]} 24. g5
{[%clk 0:56:25]} Rd7 {[%clk 0:43:26]} 25. Ne5 {[%clk 0:53:14]} Rdd8
{[%clk 0:39:53]} 26. Nc4 {[%clk 0:46:44]} Ba7 {[%clk 0:39:05]} 27. Bb7
{[%clk 0:46:29]} Rb8 {[%clk 0:39:08]} 28. Bxa6 {[%clk 0:39:22]} Rd5
{[%clk 0:39:04]} 29. f4 {[%clk 0:39:13]} Rbd8 {[%clk 0:39:01]} 30. Rc2
{[%clk 0:36:06]} Rd1+ {[%clk 0:39:17]} 31. Kg2 {[%clk 0:36:15]} Re1
{[%clk 0:38:10]} 32. Bb5+ {[%clk 0:35:01]} Kf8 {[%clk 0:38:25]} 33. Bb2
{[%clk 0:33:42]} Rdd1 {[%clk 0:38:35]} 34. Be5 {[%clk 0:30:43]} Rg1+
{[%clk 0:38:24]} 35. Kf3 {[%clk 0:26:03]} Rgf1+ {[%clk 0:38:30]} 36. Rf2
{[%clk 0:25:18]} Rxf2+ {[%clk 0:38:40]} 37. Kxf2 {[%clk 0:25:44]} Rh1
{[%clk 0:39:05]} 38. Kg2 {[%clk 0:26:00]} Re1 {[%clk 0:39:21]} 39. a3
{[%clk 0:22:34]} Rb1 {[%clk 0:38:31]} 40. Ba4 {[%clk 0:20:27]} Ke7
{[%clk 0:38:48]} 41. Bc7 {[%clk 0:17:44]} Rc1 {[%clk 0:38:35]} 42. Ne5
{[%clk 0:13:58]} Rc2+ {[%clk 0:38:38]} 43. Kg3 {[%clk 0:13:36]} Rc1
{[%clk 0:38:59]} 44. Nc6+ {[%clk 0:13:32]} Kd7 {[%clk 0:39:27]} 45. Ba5
{[%clk 0:13:46]}
1-0